00204 a2200109 4500001000700000020000600007040001100013100000600024240003000030245002500060362000900085162896 a  cMagnum a-10aFesta no ceu/edelbralpor10aFesta no ceu/edelbra0 a1899